Bài tập tin học 10
Shranjeno v:
| Glavni avtor: | |
|---|---|
| Drugi avtorji: | |
| Format: | Knjiga |
| Jezik: | Undetermined |
| Izdano: |
H.
Giáo dục
2006
|
| Teme: | |
| Online dostop: | http://lrc.tdmu.edu.vn/opac/search/detail.asp?aID=2&ID=5145 |
| Oznake: |
Označite
Brez oznak, prvi označite!
|
| Thư viện lưu trữ: | Trung tâm Học liệu Trường Đại học Thủ Dầu Một |
|---|
| LEADER | 00637nam a2200205Ia 4500 | ||
|---|---|---|---|
| 001 | TDMU_5145 | ||
| 008 | 210410s9999 xx 000 0 und d | ||
| 082 | |a 004.076 | ||
| 090 | |b H450 | ||
| 100 | |a Hồ, Sĩ Đàm | ||
| 245 | 0 | |a Bài tập tin học 10 | |
| 245 | 0 | |c Hồ Sĩ Đàm | |
| 260 | |a H. | ||
| 260 | |b Giáo dục | ||
| 260 | |c 2006 | ||
| 300 | |a 168tr | ||
| 650 | |a Sách lớp 10 |v Bài tập; Tin học |x Dạy và học | ||
| 700 | |a Trần, Đỗ Hùng | ||
| 856 | |u http://lrc.tdmu.edu.vn/opac/search/detail.asp?aID=2&ID=5145 | ||
| 980 | |a Trung tâm Học liệu Trường Đại học Thủ Dầu Một | ||